000 00650 a2200193 4500
999 _c1694
_d1694
020 _a9781840641899 (hardback)
020 _a9781840641912 (pbk.)
050 0 0 _aHE151 BUR 2010
100 1 _aButton, Kenneth,
_d1948-
_eauthor
245 1 0 _aTransport economics /
_cKenneth Button.
250 _a3rd ed.
264 _aCheltenham
_bEdward Elgar
_c2010
300 _ax, 511 p. :
_bill. ;
500 _aIncludes index
504 _aIncludes bibliographical references
650 0 _aTransportation-- Traffic
942 _2lcc
_cBK
_e3rd ed
_h151
_iBUR
_kHE